| 000 | 00750pam a2200217 a 4500 | ||
|---|---|---|---|
| 001 | 2996292 | ||
| 005 | 20250115101453.0 | ||
| 008 | 930409s1993 nyua b 001 0 eng | ||
| 020 |
_a9780385471213 _c$12.95 ($16.95 Can.) |
||
| 050 | 0 | 0 |
_aQP406 _b.R66 1993 |
| 082 | 0 | 0 |
_a612.8/2 _220 |
| 100 | 1 |
_aRose, Steven P. R. _q(Steven Peter Russell), _d1938- |
|
| 245 | 1 | 4 |
_aThe making of memory : _bfrom molecules to mind / _cSteven Rose. |
| 250 | _a1st Anchor Books ed. | ||
| 260 |
_aNew York : _bAnchor Books, _c1993. |
||
| 300 |
_a355 p. : _bill. ; _c24 cm. |
||
| 500 | _aOriginally published: UK : Bantam, 1992. | ||
| 650 | 0 | _aMemory. | |
| 856 | 4 | 2 |
_3Publisher description _uhttp://www.loc.gov/catdir/description/random046/93017597.html |
| 942 |
_2lcc _cBK _n0 |
||
| 999 |
_c2546 _d2546 |
||